Loading...
| Current Events | 1 | 20.00 | 100% | 100% | 0% |
| Fine Arts - Classical Music | 4 | 7.50 | 75% | 0% | 0% |
| Fine Arts - Other | 4 | 5.00 | 50% | 0% | 0% |
| Fine Arts - Painting and Sculpture | 2 | 0.00 | 0% | 0% | 0% |
| Geography | 1 | 10.00 | 100% | 0% | 0% |
| History - American | 4 | 12.50 | 75% | 50% | 0% |
| History - European | 7 | 15.71 | 100% | 43% | 14% |
| History - Other | 5 | 14.00 | 80% | 60% | 0% |
| History - World | 4 | 20.00 | 100% | 75% | 25% |
| Literature - American | 4 | 5.00 | 25% | 25% | 0% |
| Literature - British | 1 | 0.00 | 0% | 0% | 0% |
| Literature - European | 4 | 5.00 | 50% | 0% | 0% |
| Literature - World | 5 | 2.00 | 20% | 0% | 0% |
| Mythology | 3 | 6.67 | 67% | 0% | 0% |
| Other Academic | 1 | 10.00 | 100% | 0% | 0% |
| Philosophy | 6 | 10.00 | 100% | 0% | 0% |
| Pop Culture | 2 | 15.00 | 100% | 50% | 0% |
| Religion | 3 | 13.33 | 100% | 33% | 0% |
| Science - Chemistry | 5 | 14.00 | 80% | 40% | 20% |
| Science - Other | 3 | 13.33 | 100% | 33% | 0% |
| Science - Physics | 2 | 10.00 | 50% | 50% | 0% |
| Social Science | 4 | 12.50 | 100% | 25% | 0% |